000 00588nam a2200217Ia 4500
005 20241216010845.0
008 190212s9999||||xx |||||||||||||| ||und||
020 _a968-7157-80-1
082 _a611
_bL28
100 _aLATARJET, M. Y OTRO
245 0 _aANATOMIA HUMANA
250 _a3
260 _aESPAÑA
_bPANAMERICANA
_c1999
300 _a911 pag
_c25 cm
341 _h506
490 _v2
_a0
505 _aCAJA TORACICA/APARATO CIRCULATORIO/VASOS SANGUINEOS/ARTERIAS
541 _aC
_bLIBRERIA SAN CRISTOBAL
_d11-Mar-04
_oSoles
650 _aCIENCIAS APLICADAS
942 _cLIBRO
999 _c25981
_d25981